Catalog

Record Details

Catalog Search



K is for kindness / written by Rina Horiuchi ; ... Read More

Horiuchi, Rina,(author.).
Horiuchi, Risa,(illustrator.).

Available copies

  • 1 of 2 copies available at LARL/NWRL Consortium. (Show)
  • 1 of 2 copies available at Northwest Regional Library.

Current holds

0 current holds with 2 total copies.

Show Only Available Copies
Location Call Number / Copy Notes Barcode Shelving Location Status Due Date
Hallock Public Library e HOR (Text) 35500006806374 Main Available -
Karlstad LINK Site e HOR (Text) 35500006806366 Main Checked out 07/15/2026

Record details

  • ISBN: 9780593351628
  • ISBN: 0593351622
  • ISBN: 9780593623299
  • ISBN: 0593623290
  • Physical Description: 32 unnumbered pages : color illustrations ; 23 cm
  • Publisher: New York : Viking, 2022.

Content descriptions

Summary, etc.:
"From aardvark to zebra, this delightful cast of ... Read More
Subject: Animals > Juvenile fiction.
Kindness > Juvenile fiction.
Alphabet > Juvenile fiction.
Stories in rhyme.
Picture books.
Animals > Fiction.
Kindness > Fiction.
Alphabet > Fiction.
Stories in rhyme.
Picture books.
Animals
Kindness
Alphabet
Animals > Juvenile fiction.
Kindness > Juvenile fiction.
Alphabet > Juvenile fiction.
Stories in rhyme.
Animals > Fiction.
Kindness > Fiction.
Alphabet > Fiction.
Genre: Picture books.
Juvenile works
Fiction
Stories in rhyme
Alphabet books
Picture books
Alphabet books.
Stories in rhyme.
Picture books.
LDR 03242cam a2200865 i 4500
001444400
003LARL_NWRL_CONSORTIUM
00520240826134834.0
008220825t20222022nyua b 000 1 eng d
010 . ‡a 2022286627
040 . ‡aNjBwBT ‡beng ‡erda ‡cDLC ‡dFMG ‡dZP7 ‡dUAP ‡dYEQ ‡dGO3 ‡dIHX ‡dBDX ‡dEHH ‡dYDX ‡dMJ8 ‡dTUL ‡dOCLCF ‡dQS3 ‡dXWA ‡dETC ‡dZ#6 ‡dOCLCQ ‡dOCLCO ‡dVYG
019 . ‡a1262798166 ‡a1306948325 ‡a1308733856 ‡a1312282163 ‡a1314000974
020 . ‡a9780593351628 ‡q(library binding)
020 . ‡a0593351622 ‡q(library binding)
020 . ‡a9780593623299 ‡q(Special markets)
020 . ‡a0593623290 ‡q(Special markets)
035 . ‡a(OCoLC)1311088467 ‡z(OCoLC)1262798166 ‡z(OCoLC)1306948325 ‡z(OCoLC)1308733856 ‡z(OCoLC)1312282163 ‡z(OCoLC)1314000974
042 . ‡alccopycat
08204. ‡a[E] ‡223/eng/20220412
1001 . ‡aHoriuchi, Rina, ‡eauthor.
24510. ‡aK is for kindness / ‡cwritten by Rina Horiuchi ; illustrated by Risa Horiuchi.
264 1. ‡aNew York : ‡bViking, ‡c2022.
264 4. ‡c©2022
300 . ‡a32 unnumbered pages : ‡bcolor illustrations ; ‡c23 cm
336 . ‡atext ‡btxt ‡2rdacontent
336 . ‡astill image ‡bsti ‡2rdacontent
337 . ‡aunmediated ‡bn ‡2rdamedia
338 . ‡avolume ‡bnc ‡2rdacarrier
520 . ‡a"From aardvark to zebra, this delightful cast of animal characters illustrates the many ways to show kindness to others, while teaching the youngest readers their ABCs"-- ‡cProvided by publisher.
650 0. ‡aAnimals ‡vJuvenile fiction. ‡0(LARL_NWRL_CONSORTIUM)162061
650 0. ‡aKindness ‡vJuvenile fiction.
650 0. ‡aAlphabet ‡vJuvenile fiction.
650 0. ‡aStories in rhyme. ‡0(LARL_NWRL_CONSORTIUM)162453
650 0. ‡aPicture books. ‡0(LARL_NWRL_CONSORTIUM)28193
650 1. ‡aAnimals ‡vFiction. ‡0(LARL_NWRL_CONSORTIUM)162060
650 1. ‡aKindness ‡vFiction.
650 1. ‡aAlphabet ‡vFiction.
650 1. ‡aStories in rhyme. ‡0(LARL_NWRL_CONSORTIUM)162453
650 1. ‡aPicture books. ‡0(LARL_NWRL_CONSORTIUM)28193
650 7. ‡aAnimals ‡2fast ‡0(LARL_NWRL_CONSORTIUM)13546
650 7. ‡aKindness ‡2fast ‡0(LARL_NWRL_CONSORTIUM)24040
650 7. ‡aAlphabet ‡2fast ‡0(LARL_NWRL_CONSORTIUM)13315
650 7. ‡aAnimals ‡vJuvenile fiction. ‡2sears ‡0(LARL_NWRL_CONSORTIUM)162061
650 7. ‡aKindness ‡vJuvenile fiction. ‡2sears
650 7. ‡aAlphabet ‡vJuvenile fiction. ‡2sears
650 7. ‡aStories in rhyme. ‡2sears ‡0(LARL_NWRL_CONSORTIUM)162453
650 7. ‡aAnimals ‡xFiction. ‡2sears ‡0(LARL_NWRL_CONSORTIUM)177591
650 7. ‡aKindness ‡vFiction. ‡2sears
650 7. ‡aAlphabet ‡vFiction. ‡2sears
655 0. ‡aPicture books.
655 7. ‡aJuvenile works ‡2fast
655 7. ‡aFiction ‡2fast
655 7. ‡aStories in rhyme ‡2fast
655 7. ‡aAlphabet books ‡2fast
655 7. ‡aPicture books ‡2fast
655 7. ‡aAlphabet books. ‡2lcgft
655 7. ‡aStories in rhyme. ‡2lcgft
655 7. ‡aPicture books. ‡2lcgft
7001 . ‡aHoriuchi, Risa, ‡eillustrator.
901 . ‡a444400 ‡bAUTOGEN ‡c444400 ‡tbiblio

Additional Resources